000 01771cam a2200337 i 4500
001 20148865
003 OSt
005 20231128114656.0
008 171120s2018 ii a 001 0 eng
010 _a 2017449089
020 _a9788194802884
040 _aDLC
_beng
_erda
_cDLC
042 _apcc
050 0 0 _aQR251
_b.P22 2018
082 0 0 _a616.96
_bGHO/P
100 1 _aPaniker, C. K. Jayaram
_eauthor.
_99962
245 1 0 _aPaniker's textbook of medical parasitology /
_cLate CK Jayaram Paniker, MD, Formerly, Director and Professor, Department of Micobiology, Principal, Government Medical College, Kozhikode, Kerala, Dean, Faculty of Medicine, University of Calicut, Kerala, India, Emeritus Medical Scientist, Indian Council of Medical Research, New Delhi, India ; revised and edited by Sougata Ghosh, MD, DCH, Professor, Department of Microbiology, Government Medical College, Kolkata, West Bengal, India, Formerly, Faculty, Institute of Postgraduate Medical Education and Research (IPGMER) and Calcutta School of Tropical Medicine, Kolkata, West Bengal, India ; foreword Jagdish Chander.
250 _aNinth edition.
264 1 _aNew Delhi :
_bJaypee/The Health Sciences Publisher,
_c2021.
300 _axx, 298 pages :
_billustrations (chiefly color) ;
_c28 cm
336 _atext
_btxt
_2rdacontent
337 _aunmediated
_bn
_2rdamedia
338 _avolume
_bnc
_2rdacarrier
500 _aIncludes index.
650 0 _aMedical parasitology
_vTextbooks.
650 0 _aParasitic diseases
_vTextbooks.
700 1 _aGhosh, Sougata,
_eeditor.
906 _a7
_bcbc
_corignew
_d2
_encip
_f20
_gy-gencatlg
942 _2ddc
_cBK
_h616.96
_iGHO/P
_k616.96
_mGHO/P
999 _c43687
_d43687